Mechatronics : (Record no. 13346)

MARC details
000 -LEADER
fixed length control field 01627cam a2200313 a 4500
001 - CONTROL NUMBER
control field 15067140
005 - DATE AND TIME OF LATEST TRANSACTION
control field 20090828071522.0
008 - FIXED-LENGTH DATA ELEMENTS--GENERAL INFORMATION
fixed length control field 071101s2008 enka | b 001 0deng d
010 ## - LIBRARY OF CONGRESS CONTROL NUMBER
LC control number 2007045492
020 ## - INTERNATIONAL STANDARD BOOK NUMBER
International Standard Book Number 9780132407632 (pbk.)
040 ## - CATALOGING SOURCE
Original cataloging agency DLC
Transcribing agency DLC
Modifying agency DLC
050 00 - LIBRARY OF CONGRESS CALL NUMBER
Classification number TJ163.12
Item number .B65 2008
082 00 - DEWEY DECIMAL CLASSIFICATION NUMBER
Edition number 22
Classification number 621
Item number BOL
100 1# - MAIN ENTRY--PERSONAL NAME
9 (RLIN) 11206
Personal name Bolton, W.
Fuller form of name (William),
Dates associated with a name 1933-
Relator term Author
245 10 - TITLE STATEMENT
Title Mechatronics :
Remainder of title A Multidisciplinary Approach /
Statement of responsibility, etc William Bolton.
250 ## - EDITION STATEMENT
Edition statement 4th ed.
260 ## - PUBLICATION, DISTRIBUTION, ETC. (IMPRINT)
Place of publication, distribution, etc Harlow, England :
Name of publisher, distributor, etc Pearson Prentice Hall,
Date of publication, distribution, etc c2008.
300 ## - PHYSICAL DESCRIPTION
Extent x, 593 p. :
Other physical details ill. ;
Dimensions 25 cm.
504 ## - BIBLIOGRAPHY, ETC. NOTE
Bibliography, etc Includes bibliographical references (p. [566]-567) and index.
541 ## - IMMEDIATE SOURCE OF ACQUISITION NOTE
Source of acquisition Bacca ;
650 #0 - SUBJECT ADDED ENTRY--TOPICAL TERM
Topical term or geographic name as entry element Mechatronics.
9 (RLIN) 11207
856 41 - ELECTRONIC LOCATION AND ACCESS
Materials specified Table of contents only
Uniform Resource Identifier <a href="http://www.loc.gov/catdir/toc/ecip084/2007045492.html">http://www.loc.gov/catdir/toc/ecip084/2007045492.html</a>
942 ## - ADDED ENTRY ELEMENTS (KOHA)
Source of classification or shelving scheme Dewey Decimal Classification
Item type Book - Borrowing
Holdings
Withdrawn status Item status Source of classification or shelving scheme Damaged status Not for loan Vendor Home library Current library Shelving location Date acquired Source of acquisition Cost, normal purchase price Serial Enumeration / chronology Total Checkouts Total Renewals Full call number Barcode Date last seen Date last borrowed Koha item type
    Dewey Decimal Classification     Alahram Central Library Central Library First floor 10/02/2010   199.00 30 6 20 621 BOL 000019719 15/07/2025 06/03/2016 Book - Borrowing
    Dewey Decimal Classification     Baccah Central Library Central Library First floor 09/03/2011           621 BOL 000022646 15/07/2025   NB - Book (Non borrowing)
    Dewey Decimal Classification     Baccah Central Library Central Library First floor 09/03/2011       5 78 621 BOL 000022645 15/07/2025 13/02/2017 Book - Borrowing
    Dewey Decimal Classification     Baccah Central Library Central Library First floor 13/03/2011       8 41 621 BOL 000022882 15/07/2025 14/04/2016 Book - Borrowing